| 000 | 00645nam a22002177a 4500 | ||
|---|---|---|---|
| 003 | SEM | ||
| 005 | 20220608073730.0 | ||
| 008 | 170609b xxu||||| |||| 00| 0 germ d | ||
| 040 |
_aՍԷՄ _cՍԷՄ |
||
| 041 | 0 | _agerm. | |
| 082 | _a284.1(092)/L-97B | ||
| 100 | 1 | _aBräuer Siegfried | |
| 245 | 1 | 4 |
_aMartin Luther in marxistischer Sicht von 1945 bis zum Beginn der achtziger Jahre. / _cS. Bräuer |
| 260 |
_aBerlin: _bEvangelische Verlagsanstalt, _c1983. |
||
| 300 |
_a47 S.; _c20 cm. |
||
| 504 | _aAnmerkungen S.: 33-47. | ||
| 600 | 1 |
_aMartin Luther _d1483-1546 |
|
| 650 |
_aTheology _xGerman |
||
| 650 | _aProtestantism | ||
| 942 |
_2udc _cBK |
||
| 999 |
_c66672 _d66672 |
||